| 000 | 01227cam a22003257a 4500 | ||
|---|---|---|---|
| 001 | 13401098 | ||
| 005 | 20130131135920.0 | ||
| 008 | 031112s2003 dcua b i001 0 eng d | ||
| 020 | _a0821354450 | ||
| 082 | 0 | 0 |
_a363.87 _222 _bCOM |
| 245 | 0 | 0 |
_aCombating Malnutrition : _bTime to Act / _cStuart Gillespie, Milla McLachlan, Roger Shrimpton, editors. |
| 260 |
_aWashington, D.C. : _bWorld Bank : _bUNICEF, _cc2003. |
||
| 300 |
_aix, 165 p. : _bill. ; _c23 cm. |
||
| 490 | 1 | _aHealth, nutrition, and population series | |
| 500 | _aAt head of title: Human Development Network. | ||
| 500 | _a"World Bank-UNICEF Nutrition Assessment." | ||
| 504 | _aIncludes bibliographical references (p. 153-158) and index. | ||
| 650 | 0 |
_aMalnutrition _xPrevention. _932208 |
|
| 650 | 0 |
_aNutrition policy. _932209 |
|
| 650 | 0 |
_aMalnutrition _xEconomic aspects. _932210 |
|
| 650 | 0 |
_aPoverty. _932211 |
|
| 653 |
_bEco _cJanuary2013 |
||
| 700 | 1 |
_aGillespie, Stuart _q(Stuart R.) _932212 |
|
| 700 | 1 |
_aMcLachlan, Milla. _932213 |
|
| 700 | 1 |
_aShrimpton, Roger. _932214 |
|
| 710 | 2 |
_aWorld Bank. _bHuman Development Network. _932215 |
|
| 710 | 2 |
_aUNICEF. _932216 |
|
| 830 | 0 |
_aHealth, nutrition, and population series. _932174 |
|
| 942 |
_2ddc _cBB |
||
| 999 |
_c17187 _d17159 |
||